000 00452nam a2200181Ia 4500
008 090124s9999 xx 000 0 und d
082 _b17691
_a5028
100 _aदेसाई रणजित
245 _a मोहर
250 _a1
260 _c1969
300 _a279
600 _aदेसाई रणजित
630 _a मोहर
700 _aदेसाई रणजित
730 _a मोहर
942 _cBOOK
999 _c131631
_d131631